Direitos fundamentais e alteridade

Bibliographic Details
Format: eBook
Language:Portuguese
Published: Salvador de Baha̕: Universidade Catl̤ica do Salvador - UCSAL, 2017 -
Subjects:
Online Access:Acceso restringido

MARC

LEADER 00000nam a22000007a 4500
005 20191024224416.0
007 cr|||| ||||
008 191024c20179999br fr|w s|||| 0|||b1por d
022 |a 2595-0614 
035 |a 23839 
040 |a vLex 
090 |c 9959  |d 9959 
245 0 0 |a Direitos fundamentais e alteridade  |h [Recurso electrn̤ico] / 
256 |a Servicio en ln̕ea 
260 |a Salvador de Baha̕:  |b Universidade Catl̤ica do Salvador - UCSAL,  |c 2017 - 
300 |a 1 recurso electrn̤ico 
310 |a Semestral 
362 |a Nð 1 (Jul. 2017) - 
506 1 |a Disponible solo en los productos indicados  |d vLex Global  |d vLex Global (Academic Edition, excluding Law Schools)  |d vLex Global (U.S. Academic Edition, Law Schools)  |d vLex Global (U.S. Academic Edition, excluding Law Schools)  |d vLex Global (Academic Edition, Law Schools) 
650 0 4 |a Derecho Constitucional  |z Brasil 
740 0 |a vLex Revistas (Servicio en ln̕ea) 
856 4 0 |u http://vlex.com/source/direitos-fundamentais-alteridade-23839  |z Acceso restringido 
942 |c REV 
999 0 |a Constitutional right